Ir para o conteúdo

Художественная энциклопедия. Часть 1 Ч. 1 Художественная энциклопедия. Часть 1

Классическое произведение, относящееся к общественному достоянию.

Na minha lista:
Detalhes bibliográficos
Autor principal: Булгаков Ф. И.
Formato: Книга
Idioma:Russian
Publicado em: Санкт-Петербург Лань 2013
Assuntos:
Acesso em linha:http://e.lanbook.com/books/element.php?pl1_cid=25&pl1_id=32096
https://e.lanbook.com/img/cover/book/32096.jpg
Tags: Adicionar Tag
Sem tags, seja o primeiro a adicionar uma tag!
LEADER 01159nam0a2200253 i 4500
001 32096
003 RuSpLAN
005 20221220173915.0
008 221220s2013 ru gs 000 0 rus
020 |a 978-5-507-31093-7 
040 |a RuSpLAN 
041 0 |a rus 
044 |a ru 
245 1 |a Художественная энциклопедия. Часть 1  |c Булгаков Ф. И.   |n Ч. 1  |p Художественная энциклопедия. Часть 1 
260 |a Санкт-Петербург  |b Лань  |c 2013 
300 |a 440 с. 
504 |a Библиогр.: доступна в карточке книги, на сайте ЭБС Лань 
520 8 |a Классическое произведение, относящееся к общественному достоянию. 
521 8 |a Книга из коллекции Лань - Искусствоведение 
653 0 |a искусствоведение 
100 1 |a Булгаков Ф. И. 
856 4 |u http://e.lanbook.com/books/element.php?pl1_cid=25&pl1_id=32096 
856 4 8 |u https://e.lanbook.com/img/cover/book/32096.jpg 
953 |a https://e.lanbook.com/img/cover/book/32096.jpg 
Cannot write session to /tmp/vufind_sessions/sess_fuc555r6lbktftcuv1tjhpctn9